000 00289nam a2200121Ia 4500
008 220204s9999 xx 000 0 und d
082 _a635.912:745.9
_bROG
100 _aJoyce
245 0 _aFlower arranging
260 _aLondon
_bHamlyn
_c1975
650 _aFlower arrangement
942 _cBK
999 _c29687
_d29687